| 000 | 00349nam a2200109 a 4500 | ||
|---|---|---|---|
| 005 | 20140408090018.0 | ||
| 008 | 021118s19uu xx 00 eng d | ||
| 050 |
_aPHS '99 _bZ1 #48 |
||
| 100 | _aZaragoza, Jose Paolo | ||
| 245 |
_aA Study on reasons why music the 70's and 80's is making a "comeback in the 90's. / _cJose Paolo Zaragoza. |
||
| 942 | _cPASS | ||
| 999 |
_c96231 _d96231 |
||